000 01219nam a2200337 a 4500
003 CO-CtgCURN
005 20250331185244.0
007 ta
008 140228s2012 000 0 eng d
020 _a9789588371740
040 _aCO-CtgCURN
_bspa
_ccoctgcurn
082 0 4 _a657.3
_bG589
_223
100 1 _aGodoy Ramírez, Eduardo.
245 1 0 _aContabilidad y presentacion de estados financieros /
_cEduardo Godoy Ramírez.
250 _a2a edicion.
260 _aBogotá :
_bNueva Legislacion Ltda.,
_c2012.
300 _a582 paginas ;
_c24 cm.
336 _2rdacontent
337 _2rdamedia
_asin mediacion
_bn
338 _2rdacarrier
_avolumen
_bnc
500 _aContiene indice.
588 _aDescription based on online resource; title from PDF title page (ebrary, viewed February 28, 2014)
650 1 4 _aEstados financieros.
650 1 4 _aContabilidad.
690 9 _aFinancial statements
690 9 _aAccounting
690 9 _aBalance financiero
856 4 0 _zTexto completo
_uhttp://ZV4FY5PR5L.search.serialssolutions.com/?V=1.0,L=ZV4FY5PR5L,S=JCs,C=TC0001154949,T=marc,tab=BOOKS
942 _cBK
_h657.3
_iG589
_2ddc
999 _c24283
_d24283